000 00602nam a2200181 i 4500
001 172508
003 ES-MaACL
005 20230906214934.0
008 090713s1954 xxk |||| | epo d
080 _a821.922(082.2)
100 1 _aZamenhof, L. L.
_9117921
245 1 0 _aFundamenta krestomatio de la lingvo esperanto /
_cde L.L. Zamenhoff.
250 _a17ª eldono.
260 _aRickmansworth (Anglujo) :
_bThe Esperanto Publishing Company Limited,
_c1954.
300 _a446 p. ;
_c20 cm.
650 4 _aEsperanto.
_912494
852 _aES-MaACL
_jE-12826
_z. - Biblioteca Jacinto Martínez Lacalle
999 _c172508
_d172508